[Event "Titled Tuesday intern op 19th Dec Early"]
[Site "Chess.com INT"]
[Date "2023.12.19"]
[Round "10"]
[White "Begunov, Konstantin"]
[Black "Thorfinnsson, Bragi"]
[Result "0-1"]
[WhiteElo "2325"]
[BlackElo "2397"]
[PlyCount "34"]
[EventDate "2023.12.19"]
[EventType "swiss (blitz)"]
[EventRounds "11"]
[EventCountry "USA"]
[SourceTitle "CB52_2023"]
[SourceDate "2023.12.27"]
[SourceVersion "1"]
[SourceVersionDate "2023.12.27"]
[SourceQuality "1"]

1. d4 d5 2. c4 e5 3. dxe5 Ne7 4. cxd5 Qxd5 5. Qxd5 Nxd5 6. e4 Nb4 7. Na3 N8c6 8. Nf3 Bg4 9. Bf4 0-0-0 10. Bc4 Bxf3 11. gxf3 Nd4 12. Bxf7 Nxf3+ 13. Kf1 Nd3 14. Bg3 Ndxe5 15. Be6+ Kb8 16. Nc4 Nxc4 17. Bxc4 Nd2+ 0-1

[Event "Titled Tuesday intern op 19th Dec Early"]
[Site "Chess.com INT"]
[Date "2023.12.19"]
[Round "8"]
[White "Jumabayev, Rinat"]
[Black "Thorfinnsson, Bragi"]
[Result "1-0"]
[WhiteElo "2598"]
[BlackElo "2397"]
[PlyCount "133"]
[EventDate "2023.12.19"]
[EventType "swiss (blitz)"]
[EventRounds "11"]
[EventCountry "USA"]
[SourceTitle "CB52_2023"]
[SourceDate "2023.12.27"]
[SourceVersion "1"]
[SourceVersionDate "2023.12.27"]
[SourceQuality "1"]

1. d4 Nf6 2. c4 e6 3. Nf3 b6 4. g3 Bb7 5. Bg2 Bb4+ 6. Bd2 a5 7. 0-0 0-0 8. Bf4 Be7 9. Qd3 Be4 10. Qe3 Bb7 11. Nc3 d6 12. Qd3 Nh5 13. Ng5 g6 14. Bxb7 Ra7 15. Bg2 Bxg5 16. Bxg5 Qxg5 17. Nb5 Ra6 18. Nxc7 Ra7 19. Nb5 Rd7 20. Rad1 Rc8 21. e3 Ng7 22. a3 h5 23. h4 Qe7 24. Rc1 Nc6 25. Rfd1 Na7 26. Nc3 Rdc7 27. b3 d5 28. cxd5 Qxa3 29. dxe6 Nxe6 30. Bd5 Qd6 31. Ne4 Qe7 32. Bxe6 Rxc1 33. Bxc8 Rxd1+ 34. Qxd1 Nxc8 35. Qc2 Nd6 36. Ng5 Nf5 37. Qc6 Qb4 38. Qe8+ Qf8 39. Qb5 Qd8 40. Nf3 Nd6 41. Qd5 Qc7 42. Ne5 Kg7 43. Nc6 Nf5 44. Qe5+ Qxe5 45. Nxe5 b5 46. Kf1 a4 47. bxa4 bxa4 48. Nc4 Nd6 49. Na3 Kf6 50. f3 Ke6 51. e4 f5 52. e5 Ne8 53. Ke2 Kd5 54. Kd3 Nc7 55. Nc2 Nb5 56. Nb4+ Ke6 57. f4 a3 58. d5+ Kd7 59. Kc4 Nc7 60. Na2 g5 61. hxg5 Ne8 62. Nc3 Ng7 63. Kb3 h4 64. gxh4 Nh5 65. Ne2 Nxf4 66. Nxf4 a2 67. Kxa2 1-0

[Event "EU-Cup 38th"]
[Site "Durres"]
[Date "2023.10.02"]
[Round "2.1"]
[White "Sanal, Vahap"]
[Black "Thorfinnsson, Bragi"]
[Result "1-0"]
[WhiteElo "2603"]
[BlackElo "2396"]
[PlyCount "71"]
[EventDate "2023.10.01"]
[EventType "team-swiss"]
[EventRounds "7"]
[EventCountry "ALB"]
[SourceTitle "EXT 2024"]
[Source "ChessBase"]
[SourceDate "2023.10.10"]
[SourceVersion "1"]
[SourceVersionDate "2023.10.10"]
[SourceQuality "1"]
[WhiteTeam "Gokturk"]
[BlackTeam "Viking CC"]
[WhiteTeamCountry "TUR"]
[BlackTeamCountry "ISL"]

1. e4 c5 2. Nf3 d6 3. d4 cxd4 4. Nxd4 Nf6 5. Nc3 Bd7 6. Bg5 e5 7. Ndb5 Bxb5 8. Bxb5+ Nc6 9. 0-0 Be7 10. Nd5 a6 11. Bxf6 Bxf6 12. Bc4 0-0 13. c3 Bg5 14. g3 Ne7 15. h4 Bh6 16. Qh5 Nxd5 17. Bxd5 Kh8 18. Bxf7 Qd7 19. Bc4 Qh3 20. Be2 Be3 21. Qg4 Qxg4 22. Bxg4 Bc5 23. Kg2 a5 24. a4 Rf6 25. h5 Raf8 26. f3 Rb8 27. Rfd1 Kg8 28. Rab1 Kf8 29. b4 axb4 30. cxb4 Bd4 31. Rdc1 b6 32. Rc7 Rf7 33. Rbc1 Rxc7 34. Rxc7 Re8 35. Bd7 Re7 36. a5 1-0

[Event "Titled Tuesday intern op 11th Jul Late"]
[Site "Chess.com INT"]
[Date "2023.07.11"]
[Round "2"]
[White "Thorfinnsson, Bragi"]
[Black "Zakhartsov, Vladimir"]
[Result "0-1"]
[WhiteElo "2394"]
[BlackElo "2517"]
[PlyCount "58"]
[EventDate "2023.07.11"]
[EventType "swiss (blitz)"]
[EventRounds "11"]
[EventCountry "USA"]
[SourceTitle "EXT 2024"]
[Source "ChessBase"]
[SourceDate "2023.10.10"]
[SourceVersion "1"]
[SourceVersionDate "2023.10.10"]
[SourceQuality "1"]

1. e4 c5 2. Nf3 d6 3. Bb5+ Nd7 4. a4 Ngf6 5. 0-0 a6 6. Bc4 Nxe4 7. Re1 Nef6 8. d4 d5 9. Bf1 e6 10. Nc3 Be7 11. dxc5 Nxc5 12. b3 b6 13. Bb2 Bb7 14. Ne2 0-0 15. Ng3 Rc8 16. Ne5 Nce4 17. Nxe4 Nxe4 18. Bd3 Bf6 19. Qg4 Nc5 20. Bxh7+ Kxh7 21. Qh5+ Kg8 22. Re3 Bxe5 23. Rh3 f6 24. Bxe5 fxe5 25. Qh7+ Kf7 26. Rf3+ Ke7 27. Qxg7+ Kd6 28. Rxf8 Qxf8 29. b4 Qxg7 0-1

[Event "Titled Tuesday intern op 30th May Late"]
[Site "Chess.com INT"]
[Date "2023.05.30"]
[Round "4"]
[White "Demidov, Mikhail"]
[Black "Thorfinnsson, Bragi"]
[Result "1-0"]
[WhiteElo "2583"]
[BlackElo "2431"]
[PlyCount "113"]
[EventDate "2023.05.30"]
[EventType "swiss (blitz)"]
[EventRounds "11"]
[EventCountry "USA"]
[SourceTitle "CBM 214 Extra"]
[Source "ChessBase"]
[SourceDate "2023.07.31"]
[SourceVersion "1"]
[SourceVersionDate "2023.07.31"]
[SourceQuality "1"]

1. Nf3 Nf6 2. g3 d5 3. Bg2 g6 4. b3 Bg7 5. Bb2 0-0 6. c4 c6 7. 0-0 a5 8. Nc3 Bg4 9. h3 Bxf3 10. Bxf3 e5 11. cxd5 cxd5 12. Rc1 Nc6 13. Bg2 Rc8 14. d3 Re8 15. Qd2 h5 16. Rfd1 Kh7 17. Qe1 Bh6 18. Rb1 Nd4 19. e3 b5 20. exd4 exd4 21. Ne2 Rc2 22. Bf1 h4 23. g4 Qd7 24. Bxd4 Nxg4 25. Rb2 Rxb2 26. Bxb2 Ne5 27. Bg2 Qf5 28. Bxe5 Qxe5 29. Kf1 Qb2 30. Bxd5 Qxa2 31. d4 a4 32. Ra1 Qb2 33. Rb1 Qa2 34. Ra1 Qb2 35. Rd1 axb3 36. Rd3 Qc2 37. Rxb3 Qf5 38. Bg2 Qd7 39. Qb1 Qe6 40. Ng1 Bg7 41. Nf3 Qc4+ 42. Kg1 b4 43. Rxb4 Qc8 44. Rb3 Qe6 45. Rb6 Qd5 46. Qc1 Qe4 47. Ng5+ Kg8 48. Nxe4 Rxe4 49. Bxe4 f5 50. Rb7 Kh7 51. Qc6 Kh6 52. Qd7 Kg5 53. Qxg7 Kf4 54. Qe5+ Kg5 55. f4+ Kh5 56. Bf3+ Kh6 57. Qh8# 1-0

[Event "Titled Tuesday intern op 30th May Late"]
[Site "Chess.com INT"]
[Date "2023.05.30"]
[Round "6"]
[White "Thorfinnsson, Bragi"]
[Black "Lalanne, Pablo"]
[Result "1-0"]
[WhiteElo "2431"]
[BlackElo "2208"]
[PlyCount "51"]
[EventDate "2023.05.30"]
[EventType "swiss (blitz)"]
[EventRounds "11"]
[EventCountry "USA"]
[SourceTitle "CBM 214 Extra"]
[Source "ChessBase"]
[SourceDate "2023.07.31"]
[SourceVersion "1"]
[SourceVersionDate "2023.07.31"]
[SourceQuality "1"]

1. e4 c5 2. Nf3 d6 3. Nc3 a6 4. a4 Nc6 5. g3 Nf6 6. d4 cxd4 7. Nxd4 e6 8. Nxc6 bxc6 9. Bg2 Rb8 10. 0-0 Be7 11. e5 Nd5 12. exd6 Bxd6 13. Ne4 Be7 14. c4 Nb4 15. Qxd8+ Kxd8 16. Bf4 Rb7 17. Nd6 Bxd6 18. Bxd6 Bd7 19. a5 Nc2 20. Rad1 Kc8 21. Bc5 Rd8 22. Bb6 Re8 23. Rd2 Nb4 24. Rfd1 f6 25. Bc5 Rd8 26. Be7 1-0

[Event "Titled Tuesday intern op 30th May Late"]
[Site "Chess.com INT"]
[Date "2023.05.30"]
[Round "1"]
[White "Thorfinnsson, Bragi"]
[Black "Martine, Jean Christophe"]
[Result "1-0"]
[WhiteElo "2431"]
[BlackElo "2008"]
[PlyCount "61"]
[EventDate "2023.05.30"]
[EventType "swiss (blitz)"]
[EventRounds "11"]
[EventCountry "USA"]
[SourceTitle "CBM 214 Extra"]
[Source "ChessBase"]
[SourceDate "2023.07.31"]
[SourceVersion "1"]
[SourceVersionDate "2023.07.31"]
[SourceQuality "1"]

1. e4 e5 2. Nf3 d6 3. Nc3 f5 4. d4 Nf6 5. Bg5 Be7 6. Bxf6 Bxf6 7. dxe5 dxe5 8. Qxd8+ Kxd8 9. 0-0-0+ Bd7 10. exf5 c6 11. g4 h6 12. Bd3 Kc7 13. h4 b5 14. g5 hxg5 15. hxg5 Rxh1 16. Rxh1 Be7 17. Be4 a6 18. Rh7 Bf8 19. Nxe5 b4 20. Ne2 Bd6 21. Nxd7 Nxd7 22. Rxg7 Re8 23. f3 Be5 24. f6 Kd6 25. c3 a5 26. Kc2 Rh8 27. Rh7 Rg8 28. f4 Nc5 29. Bd3 Nxd3 30. Kxd3 Rd8 31. fxe5+ 1-0

[Event "Titled Tuesday intern op 30th May Late"]
[Site "Chess.com INT"]
[Date "2023.05.30"]
[Round "5"]
[White "Thorfinnsson, Bragi"]
[Black "Qiao, Cindy"]
[Result "1-0"]
[WhiteElo "2431"]
[BlackElo "1785"]
[PlyCount "37"]
[EventDate "2023.05.30"]
[EventType "swiss (blitz)"]
[EventRounds "11"]
[EventCountry "USA"]
[SourceTitle "CBM 214 Extra"]
[Source "ChessBase"]
[SourceDate "2023.07.31"]
[SourceVersion "1"]
[SourceVersionDate "2023.07.31"]
[SourceQuality "1"]

1. Nc3 Nf6 2. e4 e5 3. Nf3 Nc6 4. d4 exd4 5. Nd5 d6 6. Nxd4 Nxd5 7. exd5 Ne5 8. Bb5+ Bd7 9. Qe2 Be7 10. f4 Ng6 11. f5 Ne5 12. Ne6 fxe6 13. fxe6 Bxb5 14. Qxb5+ c6 15. Qxb7 cxd5 16. Qb5+ Kf8 17. 0-0+ Kg8 18. Qxd5 Qc7 19. Qxa8+ 1-0

[Event "ISL-ch"]
[Site "Hafnarfjordur"]
[Date "2023.05.21"]
[Round "7"]
[White "Heimisson, Hilmir Freyr"]
[Black "Thorfinnsson, Bragi"]
[Result "1-0"]
[WhiteElo "2353"]
[BlackElo "2431"]
[PlyCount "149"]
[EventDate "2023.05.15"]
[EventType "tourn"]
[EventRounds "11"]
[EventCountry "ISL"]
[EventCategory "6"]
[SourceTitle "CBM 214 Extra"]
[Source "ChessBase"]
[SourceDate "2023.07.31"]
[SourceVersion "1"]
[SourceVersionDate "2023.07.31"]
[SourceQuality "1"]

1. e4 c6 2. d4 g6 3. Nf3 d5 4. exd5 cxd5 5. Bf4 Bg7 6. Be2 Nc6 7. 0-0 Nf6 8. h3 0-0 9. c3 Bf5 10. Nbd2 Rc8 11. Re1 Ne4 12. Nf1 Na5 13. Ne3 Be6 14. Ng5 Nxg5 15. Bxg5 f6 16. Bf4 Bf7 17. Ng4 g5 18. Bh2 Nc4 19. Qb3 Qd7 20. Bd3 Rc6 21. Qc2 h6 22. Ne3 Rb6 23. Nxc4 dxc4 24. Be4 a5 25. Bf3 e6 26. Rad1 Qb5 27. Rd2 a4 28. a3 Ra8 29. Bc7 Rba6 30. d5 exd5 31. Re7 Re8 32. Rxe8+ Qxe8 33. Bxd5 Bxd5 34. Rxd5 Ra8 35. Qf5 Qe1+ 36. Kh2 Re8 37. Rb5 Qe4 38. Qxe4 Rxe4 39. Rxb7 Re2 40. Kg3 Bf8 41. Rb5 Kf7 42. Kf3 Re1 43. g4 Be7 44. Bg3 Kg6 45. h4 Kf7 46. h5 Ke6 47. Rb8 Kf7 48. Rb7 Ke6 49. Rb6+ Kf7 50. Rb8 Ke6 51. Rb6+ Kf7 52. Bb8 Bd8 53. Rb7+ Ke6 54. Rb5 Be7 55. Ba7 Re5 56. Rb8 Kf7 57. Bd4 Re1 58. Rb6 Rg1 59. Be3 Ke8 60. Rb8+ Kf7 61. Rb6 Ke8 62. Re6 Kf7 63. Re4 Rb1 64. Rxc4 Rxb2 65. Rxa4 Rb3 66. Ra7 Rxc3 67. a4 Ke6 68. Ra6+ Kd5 69. Ra8 Ra3 70. a5 Bc5 71. a6 Bb6 72. a7 Kd6 73. Ke4 Kc7 74. Bxb6+ Kxb6 75. Rf8 1-0

[Event "Reykjavik Autumn"]
[Site "Reykjavik"]
[Date "2022.09.18"]
[Round "6"]
[White "Thorfinnsson, Bragi"]
[Black "Jonsson, Gauti Pall"]
[Result "1-0"]
[WhiteElo "2408"]
[BlackElo "2086"]
[PlyCount "77"]
[EventDate "2022.09.07"]
[EventType "tourn"]
[EventRounds "9"]
[EventCountry "ISL"]
[SourceTitle "EXT 2023"]
[Source "ChessBase"]
[SourceDate "2022.10.05"]
[SourceVersion "1"]
[SourceVersionDate "2022.10.05"]
[SourceQuality "1"]

1. e4 d5 2. exd5 Qxd5 3. Nf3 Bg4 4. Be2 Nc6 5. Nc3 Qd7 6. b4 0-0-0 7. b5 Bxf3 8. Bxf3 Nd4 9. 0-0 Nf6 10. a4 Qf5 11. d3 Nxf3+ 12. Qxf3 Qxf3 13. gxf3 Nd5 14. Nxd5 Rxd5 15. Be3 Kb8 16. c4 Rd7 17. c5 e5 18. c6 Rd5 19. Rfc1 b6 20. Rcb1 Rxd3 21. a5 Ra3 22. axb6 axb6 23. Rxa3 Bxa3 24. Rd1 Re8 25. Rd7 Re7 26. Rd8+ Ka7 27. Kf1 Bd6 28. Ke2 f5 29. Bg5 Re6 30. Rd7 e4 31. Rxg7 exf3+ 32. Kxf3 f4 33. Rf7 Re1 34. Bxf4 Bxf4 35. Kxf4 Rb1 36. Rxc7+ Ka8 37. Rxh7 Rxb5 38. Rh8+ Ka7 39. c7 1-0

[Event "ISL-ch"]
[Site "Selfoss"]
[Date "2022.04.23"]
[Round "3"]
[White "Mai, Alexander Oliver"]
[Black "Thorfinnsson, Bragi"]
[Result "0-1"]
[WhiteElo "2177"]
[BlackElo "2419"]
[PlyCount "94"]
[EventDate "2022.04.21"]
[EventType "tourn"]
[EventRounds "9"]
[EventCountry "ISL"]
[EventCategory "7"]
[SourceTitle "CBM 208 Extra"]
[Source "ChessBase"]
[SourceDate "2022.07.31"]
[SourceVersion "1"]
[SourceVersionDate "2022.07.31"]
[SourceQuality "1"]

1. e4 c5 2. Nf3 Nc6 3. d4 cxd4 4. Nxd4 e5 5. Nb5 d6 6. N1c3 a6 7. Na3 b5 8. Nd5 Nge7 9. c4 Nxd5 10. cxd5 Nd4 11. Be3 Be7 12. Bd3 0-0 13. 0-0 f5 14. Bxd4 exd4 15. exf5 Bxf5 16. Bxf5 Rxf5 17. Qxd4 Bf6 18. Qg4 Rg5 19. Qe6+ Kh8 20. Rae1 Bxb2 21. Nc2 Bc3 22. Re4 Rg6 23. Qh3 Qg5 24. Ne3 Rf8 25. Rh4 h6 26. Rh5 Qd8 27. Nf5 b4 28. Qd3 Qe8 29. Rh3 Rgf6 30. Ne3 Qc8 31. Rh4 a5 32. Rc4 Qe8 33. Rc7 Qa4 34. Ng4 R6f7 35. Rc6 Rf4 36. Qg6 Qxa2 37. Rxd6 Qe2 38. h3 Qe4 39. Qh5 Qf5 40. Qh4 a4 41. Qg3 a3 42. Ra6 Qxd5 43. Nxh6 Qc4 44. Rg6 a2 45. Ng4 Qxf1+ 46. Kh2 Rxg4 47. Qxg4 Be5+ 0-1

[Event "ISL-ch"]
[Site "Selfoss"]
[Date "2022.04.21"]
[Round "1"]
[White "Thorhallsson, Simon"]
[Black "Thorfinnsson, Bragi"]
[Result "1/2-1/2"]
[WhiteElo "2252"]
[BlackElo "2419"]
[PlyCount "75"]
[EventDate "2022.04.21"]
[EventType "tourn"]
[EventRounds "9"]
[EventCountry "ISL"]
[EventCategory "7"]
[SourceTitle "CBM 208 Extra"]
[Source "ChessBase"]
[SourceDate "2022.07.31"]
[SourceVersion "1"]
[SourceVersionDate "2022.07.31"]
[SourceQuality "1"]

1. d4 f5 2. c4 Nf6 3. g3 e6 4. Bg2 c6 5. Nf3 d5 6. 0-0 Bd6 7. b3 Qe7 8. Bb2 b6 9. Qc1 Bb7 10. Ba3 Nbd7 11. Bxd6 Qxd6 12. Qa3 Qxa3 13. Nxa3 a5 14. Nb1 Ne4 15. Rc1 Ke7 16. Nc3 Kd6 17. Nxe4+ fxe4 18. Nd2 g5 19. f3 exf3 20. Bxf3 c5 21. dxc5+ Nxc5 22. Rd1 Ke5 23. Rac1 h5 24. cxd5 exd5 25. Rc3 g4 26. Bg2 Rac8 27. Re3+ Kf5 28. Rf1+ Kg6 29. Re5 Rce8 30. Ref5 Rxe2 31. Rf6+ Kg7 32. Rf7+ Kg8 33. Rf8+ Kg7 34. R1f7+ Kg6 35. Rf6+ Kg7 36. R8f7+ Kg8 37. Rf8+ Kg7 38. R8f7+ 1/2-1/2

[Event "Reykjavik Kvika op"]
[Site "Reykjavik"]
[Date "2022.04.10"]
[Round "7"]
[White "Thorfinnsson, Bragi"]
[Black "Popvasilev, Kalojan"]
[Result "1-0"]
[WhiteElo "2419"]
[BlackElo "2191"]
[PlyCount "93"]
[EventDate "2022.04.06"]
[EventType "swiss"]
[EventRounds "9"]
[EventCountry "ISL"]
[SourceTitle "CBM 207 Extra"]
[Source "ChessBase"]
[SourceDate "2022.05.31"]
[SourceVersion "1"]
[SourceVersionDate "2022.05.31"]
[SourceQuality "1"]

1. e4 c5 2. Nc3 d6 3. f4 g6 4. Nf3 Bg7 5. Bb5+ Bd7 6. Bc4 Nc6 7. 0-0 Na5 8. Be2 Nh6 9. d3 f5 10. Qe1 Nc6 11. Bd1 Nf7 12. exf5 Bxf5 13. Nh4 Qd7 14. h3 h5 15. Ne4 0-0-0 16. c3 Kb8 17. a3 b6 18. Ba4 e6 19. b4 d5 20. Nf2 Qd6 21. bxc5 bxc5 22. Bd2 Ka8 23. Qe2 Bf6 24. Nxf5 gxf5 25. Rfe1 Rde8 26. Rab1 h4 27. d4 c4 28. Nd1 Rhg8 29. Ne3 Re7 30. Qf3 Rg3 31. Qh5 Nfd8 32. Qh6 Rf7 33. Nc2 Qe7 34. Qh5 Rfg7 35. Ne3 Qf8 36. Kh1 Be7 37. Qd1 Bd6 38. Rf1 Qg8 39. Qe2 Nb8 40. Be1 R3g6 41. Bxh4 Rh7 42. Bxd8 Qxd8 43. Nxc4 Bxf4 44. Rxf4 dxc4 45. Rxf5 a5 46. Qf3+ Ka7 47. Rf7+ 1-0

[Event "Reykjavik Kvika op"]
[Site "Reykjavik"]
[Date "2022.04.07"]
[Round "3"]
[White "Thorfinnsson, Bragi"]
[Black "Bosboom, Ardin"]
[Result "1-0"]
[WhiteElo "2419"]
[BlackElo "2078"]
[PlyCount "71"]
[EventDate "2022.04.06"]
[EventType "swiss"]
[EventRounds "9"]
[EventCountry "ISL"]
[SourceTitle "CBM 207 Extra"]
[Source "ChessBase"]
[SourceDate "2022.05.31"]
[SourceVersion "1"]
[SourceVersionDate "2022.05.31"]
[SourceQuality "1"]

1. e4 c5 2. Nf3 Nc6 3. Bb5 e6 4. 0-0 Nge7 5. b3 Ng6 6. Bb2 f6 7. Bxc6 bxc6 8. d4 cxd4 9. Qxd4 c5 10. Qe3 Be7 11. h4 0-0 12. h5 Nh8 13. c4 Bb7 14. Nc3 Qe8 15. Rad1 Bc6 16. h6 g5 17. Rfe1 g4 18. Nh2 Qh5 19. Qg3 f5 20. exf5 Bh4 21. Qxg4+ Qxg4 22. Nxg4 Rxf5 23. Re2 Ng6 24. f3 Nf4 25. Red2 Kf7 26. Ne4 Be7 27. Ne5+ Ke8 28. Nxc6 dxc6 29. Nd6+ Bxd6 30. Rxd6 Kf7 31. Rxc6 Kg6 32. Rd7 Kxh6 33. Bc1 Kg6 34. Bxf4 Rxf4 35. Rxe6+ Kf5 36. Rc6 1-0

[Event "Reykjavik Blitz op"]
[Site "Reykjavik"]
[Date "2022.01.29"]
[Round "3"]
[White "Hjartarson, Johann"]
[Black "Thorfinnsson, Bragi"]
[Result "1-0"]
[WhiteElo "2470"]
[BlackElo "2419"]
[PlyCount "59"]
[EventDate "2022.01.29"]
[EventType "swiss (blitz)"]
[EventRounds "11"]
[EventCountry "ISL"]
[SourceTitle "CBM 206 Extra"]
[Source "ChessBase"]
[SourceDate "2022.03.31"]
[SourceVersion "1"]
[SourceVersionDate "2022.03.31"]
[SourceQuality "1"]

1. e4 c5 2. Nc3 Nc6 3. Bb5 Nd4 4. Nf3 e6 5. Nxd4 cxd4 6. Ne2 Qg5 7. Nxd4 Bc5 8. d3 Qxg2 9. Qf3 Qxf3 10. Nxf3 Ne7 11. d4 Bb6 12. c3 a6 13. Bd3 0-0 14. Be3 f5 15. e5 Bc7 16. 0-0-0 b5 17. Rhg1 Bb7 18. Ne1 Bd5 19. b3 Rfc8 20. Kb2 Ba5 21. Rc1 Rab8 22. h4 Bd8 23. h5 a5 24. Bg5 Kf7 25. Nc2 a4 26. Ne3 Bc4 27. Bc2 Bd5 28. Bxe7 Bxe7 29. Nxd5 exd5 30. Bxf5 1-0

[Event "ISL-chT2 2122"]
[Site "Reykjavik"]
[Date "2021.10.02"]
[Round "2.2"]
[White "Thorfinnsson, Bragi"]
[Black "Saemundsson, Bjarni"]
[Result "1-0"]
[WhiteElo "2427"]
[BlackElo "1834"]
[PlyCount "79"]
[EventDate "2021.10.01"]
[EventType "team-tourn"]
[EventRounds "7"]
[EventCountry "ISL"]
[SourceTitle "EXT 2024"]
[Source "ChessBase"]
[SourceDate "2023.10.10"]
[SourceVersion "1"]
[SourceVersionDate "2023.10.10"]
[SourceQuality "1"]
[WhiteTeam "Selfoss"]
[BlackTeam "Gardabaer III"]
[WhiteTeamCountry "ISL"]
[BlackTeamCountry "ISL"]

1. e4 e5 2. Nc3 Nf6 3. d4 exd4 4. Qxd4 Nc6 5. Qd3 Bc5 6. Bf4 Qe7 7. 0-0-0 d6 8. f3 Bd7 9. g4 Ne5 10. Qe2 Bc6 11. g5 Nfd7 12. h4 0-0-0 13. Bg3 f6 14. f4 Nf7 15. Bg2 Rhe8 16. Nh3 f5 17. Rhe1 Bb4 18. Qc4 Bxc3 19. Qxc3 Qf8 20. Nf2 Kb8 21. Bf3 fxe4 22. Nxe4 Re7 23. Nd2 Bxf3 24. Nxf3 Rde8 25. Rxe7 Rxe7 26. Re1 Qe8 27. Rxe7 Qxe7 28. Qxg7 Qe3+ 29. Kb1 b6 30. Qc3 Qe2 31. b4 Qd1+ 32. Kb2 Qd5 33. Qd3 Qc6 34. f5 Nde5 35. Nxe5 Nxe5 36. Bxe5 dxe5 37. f6 e4 38. Qd8+ Kb7 39. f7 Qc4 40. f8Q 1-0